PARSON'S DISEASES OF THE EYE (Record no. 14007)

MARC details
000 -LEADER
fixed length control field 00289nam a22001337a 4500
003 - CONTROL NUMBER IDENTIFIER
control field SGT
082 ## - DEWEY DECIMAL CLASSIFICATION NUMBER
Classification number 617.7
Item number P96M
100 ## - MAIN ENTRY--PERSONAL NAME
Personal name MILLER, STEPHEN J H
245 ## - TITLE STATEMENT
Title PARSON'S DISEASES OF THE EYE
250 ## - EDITION STATEMENT
Edition statement 18TH
260 ## - PUBLICATION, DISTRIBUTION, ETC. (IMPRINT)
Place of publication, distribution, etc NEWYORK
Name of publisher, distributor, etc CHURCHILL
Year of Publication 1996
300 ## - PAGE DESCRIPTION
No. of Pages 442
942 ## - ADDED ENTRY ELEMENTS (KOHA)
Source of classification or shelving scheme Dewey Decimal Classification
Koha item type Books
Holdings
Withdrawn status Lost status Source of classification or shelving scheme Damaged status Not for loan Collection code Home library Current library Shelving location Date acquired Vendor Name SGTU Total Checkouts Full call number Accession No. (Barcode) Date last seen Bill Date Koha item type
    Dewey Decimal Classification     MEDICAL SGT Medical Library SGT Medical Library Reference Book 19/12/2017 ABC DELHI SGTU   617.7 P96M FM8933 19/12/2017 19/12/2017 Books